000 00449nam a2200157 4500
001 136631
003 ES-MaACL
005 20230906195203.0
007 t|
008 070214s1972 sp r ||||1| spa d
100 1 _aSaezmiera Uyarra, Juan José.
_9101390
245 1 0 _aEstampas calceatenses /
_cJuan José Saezmiera Uyarra.
260 _aLogroño :
_bOchoa,
_c1972.
300 _a115 p. :
_bil. ;
_c17 cm.
852 _aES-MaACL
_jC-47181
_bR.81614
999 _c136631
_d136631